000
00272nam a22001217a 4500
008
170907b xxu||||| |||| 00| 0 eng d
041
_a
eng
080
_a
721
100
_a
41
101
_a
NDE
245
_a
CONCISE ENCYCLOPEDIA INTERIOT
_c
DIZIK/A A
942
_2
udc
_c
BK
999
_c
26686
_d
26686